000 00344nam a2200133Ia 4500
008 240624s9999 xx 000 0 und d
041 _aeng
082 _a302.35 DEM
100 _aDEMERS CHRISTIANE
245 _aORGANIZATIONAL CHANGE THEORIES A SYNTHES
260 _c2008
_aCalifornia
_bSage Publications
300 _a296 : p.
365 _c
_b31
999 _c20914
_d20914